[Event "Budapest zt-B"]
[Site "Budapest"]
[Date "1993.??.??"]
[Round "4"]
[White "Chernin, Alexander"]
[Black "Topalov, Veselin"]
[Result "0-1"]
[WhiteElo "2600"]
[BlackElo "2635"]
[Annotator "Ftacnik,L"]
[PlyCount "74"]
[EventDate "1993.03.??"]
[EventType "tourn"]
[EventRounds "11"]
[EventCountry "HUN"]
[EventCategory "9"]
[SourceTitle "CBM 034"]
[Source "ChessBase"]
[SourceDate "1993.06.01"]
[SourceVersion "1"]
[SourceVersionDate "1993.06.01"]
[SourceQuality "1"]

1. d4 d5 2. c4 e6 3. Nc3 c6 4. e3 Nf6 5. Nf3 Nbd7 6. Bd3 dxc4 7. Bxc4 b5 8. Bd3
Bb7 9. O-O a6 10. e4 c5 11. d5 c4 12. Bc2 Qc7 13. Nd4 Nc5 (13... e5 14. Nf5 g6
15. Nh6 Ng8 16. Nxg8 Rxg8 17. Qf3 Bd6 18. b3 b4 19. Nd1 a5 20. bxc4 Nc5 21. a3
Rb8 22. axb4 axb4 23. Nb2 Bc8 24. Nd3 Bd7 25. Nxc5 Bxc5 26. Ba4 $16 {Szmetan,
J-Morovic Fernandez,I/Buenos Aires/1992/}) 14. Bg5 $146 (14. b4 $1 cxb3 15.
axb3 b4 $8 16. Na4 Ncxe4 $1 17. dxe6 Rd8 $1 18. exf7+ $1 Kxf7 19. Be3 Bd6 20.
h3 Rhe8 21. Rc1 Qa5 $2 (21... Nc3 22. Nxc3 bxc3 $13) 22. Bd3 Kg8 23. Nc6 $1
Bxc6 24. Rxc6 Qe5 25. f4 Qe7 26. Bb6 $16 {Yakovich,Y-Sorokin,M/Calcutta op/
1991/}) 14... O-O-O $5 15. Bxf6 $6 (15. b4 cxb3 (15... Ncd7 16. dxe6 Ne5 17.
Rb1 Neg4 $1) 16. Bxb3 Bd6 17. f4 $5 Nfxe4 18. Bxd8 Rxd8 19. Nxe4 Nxe4 20. Rc1
Bc5 $13) 15... gxf6 16. b4 cxb3 (16... Nd7 17. dxe6 Ne5 18. Nd5 Bxd5 19. exd5
Rxd5 (19... Bxb4 20. exf7 (20. f4 Bc5 21. Kh1 Rxd5 22. fxe5 Rxd4 23. Qf3 $132)
20... Rxd5 21. Qb1 Rxd4 22. Qxb4 Nxf7 23. a4 $40) 20. Bf5 Kb8 21. Qd2 (21. Be4
Rd6 $1) 21... Nd3 22. Qe3 $13) 17. Bxb3 Kb8 18. Rc1 (18. a4 b4 19. Nce2 Nxe4
20. Rc1 Bc5 $15) (18. Qf3 Bd6 19. h3 Be5) 18... Bd6 19. Qh5 Bf4 20. Ncxb5 $2 (
20. Rc2 Qe5 21. Qxe5+ (21. Qd1 Nxb3 22. Nf3 Qh5 23. axb3 exd5 $17) 21... fxe5
22. Nc6+ Bxc6 23. dxc6 Rc8 $17) 20... Qb6 (20... axb5 21. Nc6+ (21. d6 Bxd6 22.
Nxb5 Qa5 23. Nxd6 Nxb3 24. Qxa5 Nxa5 25. Nxf7 Bxe4 $13) 21... Bxc6 22. Rxc5 $16
) 21. Nc6+ (21. Nc3 Bxc1 22. Rxc1 Nd3 $19) 21... Bxc6 22. dxc6 Nxb3 (22... Bxc1
23. c7+ Ka8 24. cxd8=Q+ Rxd8 25. Rxc1 Nxb3 26. Nc7+ Kb7 27. axb3 Rc8 28. Qxf7
$18) 23. Rb1 (23. c7+ Bxc7 24. Rxc7 axb5 25. Rxf7 Nd2 $19) 23... axb5 $1 (23...
Nd2 24. Nc3 Nxb1 25. Rxb1 Qxb1+ 26. Nxb1 Be5 $14) 24. Rxb3 Be5 25. Rfb1 (25. a4
b4 26. Rfb1 Rd4 27. Qxf7 Rhd8 $19) 25... Qxc6 26. Rxb5+ (26. Qxf7 Kc8 $1) 26...
Kc8 27. Rb6 (27. Qxf7 Qxb5 28. Qxe6+ Kc7 $19) 27... Qc2 28. g3 Rd7 29. Qg4 Rhd8
30. Kg2 Rd2 31. Rf1 Bd4 32. Rbb1 Rxf2+ 33. Rxf2 Qxb1 (33... Qxf2+ 34. Kh3 Qc2
$19) 34. Rf1 Qxa2+ 35. Kh3 Kd7 36. Rc1 Ke7 37. Qg7 (37. Rc7+ Rd7 38. Rc8 Bg1
$19) 37... Be5 (37... Be5 38. Qxh7 Rd2 39. Rh1 Qb3 40. Qh4 Qf3 $19) 0-1

[Event "Las Palmas"]
[Site "Las Palmas"]
[Date "1993.??.??"]
[Round "1"]
[White "Jussupow, Artur"]
[Black "Topalov, Veselin"]
[Result "0-1"]
[WhiteElo "2645"]
[BlackElo "2635"]
[Annotator "Anand,V"]
[PlyCount "100"]
[EventDate "1993.06.??"]
[EventType "tourn"]
[EventRounds "9"]
[EventCountry "ESP"]
[EventCategory "16"]
[SourceTitle "CBM 036"]
[Source "ChessBase"]
[SourceDate "1993.10.01"]
[SourceVersion "1"]
[SourceVersionDate "1993.10.01"]
[SourceQuality "1"]

1. d4 Nf6 2. Nf3 g6 3. Bf4 Bg7 4. e3 d6 5. Be2 O-O 6. h3 c5 7. O-O Qb6 8. Nbd2
Be6 (8... Qxb2 $2 9. Nc4 Qb5 (9... Qb4 10. c3 $1 Qb5 (10... Qxc3 11. Rc1 Qb4
12. Rb1 Qc3 13. Rb3 $18) 11. Nxd6 $16) (9... Qc3 10. Rb1 $1 {/\ Rb3}) 10. Nxd6
$16) 9. Ng5 Bd7 10. Nc4 Qc7 11. c3 h6 12. Nf3 b6 {During the game I thought
that Artur stood better but that doesn't seem to be the case} 13. Bd3 (13. a4
Bc6 14. a5 $140 Nbd7) 13... Qb7 14. Re1 Bc6 $1 15. Ncd2 Ne4 $1 16. Nxe4 Bxe4
$10 17. Qe2 Nd7 18. Ba6 (18. a4) 18... Qc7 19. Nd2 Bb7 20. Bxb7 (20. a4 Nf6)
20... Qxb7 21. e4 {I'm not so happy with this move. It doesn't spoil much
though-White's mistake comes later} cxd4 22. cxd4 Rac8 $1 {Black has equalised}
23. Nf3 Rc7 24. Qe3 Kh7 25. Qb3 Nf6 $1 26. e5 (26. d5 Rfc8 {And White will
find it difficult to control Black's activity along the c-file}) 26... dxe5 27.
Nxe5 Rcc8 28. a4 Nd5 $10 {The knight on d5 solves Black's problems} 29. Bd2 e6
30. h4 h5 31. a5 Rc7 32. a6 $6 {White is overreaching} (32. axb6) 32... Qc8 33.
Qd3 Rd8 34. Bg5 Rd6 35. Qa3 Bxe5 $1 36. dxe5 Rdc6 $17 37. Qb3 Rc2 38. Ra4 R7c4
39. Re4 Rxa4 40. Rxa4 Re2 41. Qf3 Re1+ 42. Kh2 Kg8 $1 (42... Qc7 43. Rc4 $1
Qxe5+ 44. g3) 43. Bf6 Qc7 44. g3 Qc2 $19 45. b3 Re3 46. Qg2 Rxb3 47. Rd4 Rd3
48. Re4 Rd2 49. Rf4 Kh7 50. Rf3 Ne3 $1 0-1

[Event "Madrid"]
[Site "Madrid"]
[Date "1993.??.??"]
[Round "5"]
[White "Topalov, Veselin"]
[Black "Polgar, Judit"]
[Result "1-0"]
[WhiteElo "2635"]
[BlackElo "2595"]
[Annotator "Boensch,U"]
[PlyCount "71"]
[EventDate "1993.06.??"]
[EventType "tourn"]
[EventRounds "9"]
[EventCountry "ESP"]
[EventCategory "14"]
[SourceTitle "CBM 036"]
[Source "ChessBase"]
[SourceDate "1993.10.01"]
[SourceVersion "1"]
[SourceVersionDate "1993.10.01"]
[SourceQuality "1"]

1. e4 c5 2. Nf3 e6 3. d4 cxd4 4. Nxd4 Nf6 5. Nc3 d6 6. g4 h6 7. Be3 Nc6 8. f3
a6 9. Bc4 $146 (9. Qd2 d5 10. exd5 Nxd5 11. Nxd5 Qxd5 12. Bg2 Nxd4 13. Qxd4
Qxd4 14. Bxd4 Bd7 15. f4 Rc8 $10 {Frolov,A-Poluljahov,A Kobanya op (10) 1992 1/
2 54 -Inf.55/239}) (9. Qe2 Nxd4 10. Bxd4 e5 11. Bf2 Be6 12. O-O-O Rc8 13. Qd2
Be7 14. h4 Qc7 $10 {Nunn,J-Jansa,V BL 1991 -Inf.51/216}) 9... Na5 (9... d5 $5
10. exd5 exd5 $13) 10. Bd3 b5 11. Qd2 Qc7 12. O-O-O Rb8 (12... Nc4 $5 13. Bxc4
Qxc4 $13) 13. Kb1 g6 14. h4 Nd7 15. f4 Nc4 16. Bxc4 Qxc4 17. g5 (17. f5 b4 18.
Na4 e5 $15) 17... hxg5 18. hxg5 Rxh1 19. Rxh1 Bb7 20. b3 Qc7 21. Rh8 e5 (21...
b4 22. Ndb5 $1 axb5 23. Nxb5 Qc6 24. Nxd6+ Ke7 25. e5 $16) 22. Ndxb5 $1 axb5
23. Nxb5 Qc6 24. Nxd6+ Ke7 25. fxe5 Ke6 (25... Nxe5 26. Qb4 Ke6 (26... Qxd6 27.
Bc5 Ke6 28. Rxf8 $18) 27. Rxf8 Rxf8 28. Nxb7 $18) 26. Nb5 $1 Qxb5 27. Rxf8 Qc6
(27... Rxf8 $4 28. Qd6#) 28. Rxb8 Nxb8 29. Qd8 Na6 (29... Nd7 $4 30. Qe8#) (
29... Qxe4 30. Qf6+ (30. Qxb8 Qxe3 31. Qxb7 Qe1+ 32. Kb2 Qxe5+ 33. c3 Qxg5 $14)
30... Kd7 (30... Kd5 $4 31. Qd6#) 31. Qxf7+ Kc8 32. Qe8+ Kc7 33. Bc5 $16) 30.
Qf6+ Kd7 31. Qxf7+ Kc8 32. Qf8+ Kc7 33. Qf7+ Kb8 34. e6 $18 Qxe4 35. e7 Bc6 (
35... Nc7 36. Bf4 $18) 36. e8=Q+ $1 (36. e8=Q+ Bxe8 37. Qa7+ Kc8 38. Qxa6+ $18)
1-0

[Event "Groningen PCA"]
[Site "Groningen"]
[Date "1993.??.??"]
[Round "11"]
[White "Topalov, Veselin"]
[Black "Tukmakov, Vladimir B"]
[Result "1-0"]
[WhiteElo "2650"]
[BlackElo "2600"]
[Annotator "Blatny,P"]
[PlyCount "68"]
[EventDate "1993.12.??"]
[EventType "swiss"]
[EventRounds "11"]
[EventCountry "NED"]
[SourceTitle "CBM 039"]
[Source "ChessBase"]
[SourceDate "1994.04.01"]
[SourceVersion "1"]
[SourceVersionDate "1994.04.01"]
[SourceQuality "1"]

1. e4 c6 2. d4 d5 3. exd5 cxd5 4. c4 Nf6 5. Nc3 e6 6. Nf3 Bb4 7. cxd5 Nxd5 (
7... exd5 {/^c8-g4 =/+/=}) 8. Qc2 Nc6 9. a3 Ba5 (9... Be7 {/\Bf6,קd4}) 10. Bd3
$5 (10. Bd2 {/\->>>0-0}) 10... Nxc3 11. bxc3 {/\->K} Nxd4 $5 12. Nxd4 Qxd4 13.
Bb5+ Bd7 (13... Ke7 14. O-O Qxc3 15. Qe2 $44 {עe7, @} Rd8 $140 $2 16. Bg5+ f6
17. Rfc1 Qd4 18. Rd1 $1 Qb6 19. Be3 Qc7 20. Rxd8 Qxd8 (20... Kxd8 21. Rd1+ Ke7
22. Qh5 $18) 21. Bc5+ Kf7 22. Qh5+ Kg8 23. Rd1 $18) (13... Kf8 14. O-O $5 Qxc3
15. Qe2 $1 $44 Qxa1 $140 16. Bb2 Qxf1+ 17. Kxf1 $36 {צa8,h8,Bc8, Pg7}) 14. O-O
Qd5 (14... Qxc3 15. Bxd7+ Kxd7 16. Qa4+ Ke7 17. Bg5+ f6 (17... Kf8 18. Rac1 $40
) 18. Rac1 Qe5 19. Bf4 Qf5 20. Bd6+ $1 $40) 15. c4 $1 {ץd7,ע} Qf5 $8 16.
Bxd7+ Kxd7 17. Qb2 {קb7,Pg7} b6 18. Rd1+ (18. Qxg7 $2 Rhg8 $132 {<->g,><g2})
18... Ke7 19. Be3 $44 (19. Qxg7 $6 Rhg8 20. Qd4 Rad8 21. Qh4+ f6 22. Rxd8 Rxd8
23. Be3 $13) 19... f6 20. c5 $1 Rhd8 (20... bxc5 $4 21. Qb7+ $18) 21. h3 (21.
Rxd8 $2 Rxd8 22. cxb6 axb6 23. Bxb6 Rd2 $15 {_|_}) 21... Kf7 (21... bxc5 22.
Qb7+ Kf8 23. Rxd8+ Rxd8 24. Qxa7 Bc3 25. Bxc5+ Kg8 26. Qe7 $16) 22. Qb5 $1 {
ץa5} a6 (22... Qh5 $5 23. Rd7+ $13) 23. Qa4 Bc3 24. Rac1 Bb2 25. cxb6 $1 Bxc1
26. Rxc1 Kg6 $2 (26... Qd5 27. Rc7+ Kg8 28. b7 Rab8 (28... Qd1+ 29. Qxd1 Rxd1+
30. Kh2 Rf8 31. Rc8 Rb1 32. Bc5 $18) 29. Qxa6 $16 {_|_}) 27. Qh4 $1 Rd7 28. Rc7
Rad8 (28... Rxc7 29. Qg3+ {/\Qxc7+-}) 29. b7 $1 e5 (29... Qb1+ 30. Kh2 Rxc7 31.
Qg3+ Kf5 32. Qxc7 Re8 33. Ba7 $18) 30. g4 $18 Qb1+ 31. Rc1 Qxc1+ 32. Bxc1 Kf7
33. Be3 h6 34. g5 Rxb7 (34... Rxb7 35. Qc4+ Ke7 36. gxf6+ gxf6 $8 37. Bc5+ Kd7
38. Qf7+ Kc8 39. Qxf6 $18) 1-0

[Event "Elenite"]
[Site "Elenite"]
[Date "1994.??.??"]
[Round "1"]
[White "Topalov, Veselin"]
[Black "Vyzmanavin, Alexey"]
[Result "1-0"]
[WhiteElo "2645"]
[BlackElo "2610"]
[Annotator "Dautov,R"]
[PlyCount "67"]
[EventDate "1994.??.??"]
[EventType "tourn"]
[EventRounds "9"]
[EventCountry "BUL"]
[EventCategory "15"]
[SourceTitle "CBM 044"]
[Source "ChessBase"]
[SourceDate "1995.02.01"]
[SourceVersion "1"]
[SourceVersionDate "1995.02.01"]
[SourceQuality "1"]

1. d4 Nf6 2. Nf3 e6 3. g3 b6 4. Bg2 Bb7 5. c4 Be7 6. Nc3 Ne4 7. Bd2 d5 8. cxd5
exd5 9. Ne5 (9. Qa4+ $1 Qd7 10. Qc2 Nxd2 (10... Nxc3 11. Qxc3 $14) 11. Qxd2 O-O
12. O-O Nc6 13. Rac1 Rad8 14. e3 Bf6 15. Rfd1 Na5 16. b3 Rfe8 17. Ne2 Qd6 18.
Nf4 c6 19. Ne5 $1 c5 20. Ng4 $16 {Kasparov-Gligoric/Niksic/1983}) 9... O-O 10.
O-O {->E18} Nd7 (10... Nxd2 11. Qxd2 c6 12. e4 dxe4 13. Bxe4 $14) (10... Nxc3
11. Bxc3 Nd7 12. Nd3 Bd6 13. b4 c6 14. a4 a6 15. Qb3 Re8 16. Ra2 b5 17. Nc5
Nxc5 18. dxc5 $14 {Tal-Trifunovic/Palma de Mallorca/1966}) 11. Bf4 (11. Nxe4
dxe4 12. Qc2 c5 13. Bc3 cxd4 14. Bxd4 Nxe5 15. Bxe5 Qd5 $10) 11... Ndf6 (11...
c5 12. Nxe4 (12. dxc5 Nxc3 13. bxc3 Nxc5 $10) 12... dxe4 13. Nxd7 Qxd7 14. dxc5
Qxd1 15. Rfxd1 Bxc5 16. Rd7 Bc6 17. Rc7 Bd5 18. Rd1 Rfd8 19. a3 a5 20. h4 $14)
(11... Nxe5 $5 12. Bxe5 Bd6 (12... Nxc3 13. bxc3 c6 $5 $132 {/\Ba6-c4}) 13.
Bxd6 Qxd6 14. Nxe4 (14. Qc2 Nxc3 15. Qxc3 c5 16. dxc5 bxc5 17. Rfd1 Rfd8 18.
Bxd5 Bxd5 19. e4 Qe6 20. exd5 Rxd5 21. Rxd5 Qxd5 $10) 14... dxe4 15. Rc1 Rad8
16. e3 f5 17. Qc2 Rf7 $10) 12. Qa4 c5 (12... Nxc3 13. bxc3 c5 (13... Qe8 14.
Qb3 c5 15. a4 $14) 14. Nc6 Bxc6 15. Qxc6 $14) (12... Qe8 $6 13. Qxe8 Rfxe8 14.
Nxe4 (14. Nb5 Bd8 15. Rac1 c5 16. dxc5 bxc5 17. f3 a6 $13) 14... Nxe4 (14...
dxe4 15. Rac1 c5 16. dxc5 Bxc5 17. Rfd1 $14) 15. Rac1 c5 16. dxc5 bxc5 17. Bxe4
dxe4 18. Nd7 Rac8 19. Rfd1 $16) 13. Nxe4 (13. Nc6 Bxc6 14. Qxc6 Rc8 (14... cxd4
15. Bc7 Qc8 16. Nxd5 Nxd5 17. Qxd5 Qxc7 18. Bxe4 Rad8 19. Rac1 $14) 15. Qa4
cxd4 16. Qxd4 Nxc3 17. bxc3 Rc4 18. Qd3 Ne4 19. Be5 Bf6 20. Bxf6 Nxf6 $10)
13... dxe4 (13... Nxe4 14. dxc5 Nxc5 15. Qc2 Bd6 16. Nd3 $14) 14. dxc5 Bxc5 15.
b4 Be7 (15... Bd6 $2 16. Rad1 Nd5 17. Nc6 Qd7 18. Bxd6 Bxc6 19. b5 Bxb5 20. Qb3
Rfc8 21. Qxd5 Bxe2 22. Bxe4 $16) 16. b5 (16. Rac1 $5 Nd5 (16... a5 17. b5 Bc5
18. Rfd1 Qe7 19. Nc6 Qe6 20. Qc4 $16) 17. Rfd1 (17. Nc6 Bxc6 18. Qxc6 Rc8 $10)
17... Qe8 $132) 16... Bc5 17. Nc6 (17. Rad1 Qe8 18. Nc6 $2 a6) (17. Bg5 $6 Qd4
$1) 17... Qd5 (17... Qe8 18. Bg5 a6 19. Bxf6 axb5 20. Qxe4 Qxe4 21. Bxe4 gxf6
22. Ne7+ Bxe7 23. Bxb7 Ra7 24. Bd5 $14) 18. Rad1 Qf5 (18... Qh5 $5 19. Bxe4
Nxe4 (19... Qxe2 20. Ne7+ Bxe7 21. Bxb7 $16) 20. Qxe4 Rfe8 21. Qf3 Qxf3 22.
exf3 a6 23. a4 axb5 24. axb5 Rac8 $10) (18... Qe6 $5 $13 {/\a6}) 19. Bd6 $1
Rfe8 20. Bxc5 Qxc5 21. Rc1 Qh5 22. Qc4 (22. Rc2 a6 $10) 22... Bc8 $1 (22... a6
23. a4) 23. Rfe1 (23. a4 $5 Bh3 24. Rfe1 $14) 23... Be6 24. Qa4 h6 25. a3 Bh3
26. Qc4 Be6 (26... Ng4 $2 27. Bxe4 Nxh2 28. Ne7+ Rxe7 29. Bxa8 $18) (26... Re6
$5 27. Red1 Rae8 {/\} 28. Nxa7 Ng4 29. Rd5 g5 30. Bh1 Bg2 31. Bxg2 Qxh2+ 32.
Kf1 Rf6 33. Qd4 e3 34. f3 Qxg3 35. Kg1 Qh2+ 36. Kf1 Rxf3+ 37. exf3 e2+ 38. Ke1
Qg3+ 39. Kd2 e1=Q+ 40. Rxe1 Qxe1+ 41. Kd3 Qd1+ 42. Kc3 Re3+ 43. Qxe3 Qa1+ $19)
27. Qb4 a6 (27... Bh3 $5) 28. bxa6 Rxa6 29. Bxe4 Nxe4 30. Qxe4 Rxa3 31. Nd4 $14
Ra2 $2 (31... Qd5 32. Qxd5 Bxd5 33. Rb1 Ra6 34. Rb4 g6 35. Reb1 Rb8 $14) 32.
Nxe6 fxe6 33. Rc7 $16 Qd5 $4 (33... b5 34. Qc6 b4 35. Rb7 Rb2 $16) 34. Qg6 1-0

[Event "Linares 12th"]
[Site "Linares"]
[Date "1994.??.??"]
[Round "1"]
[White "Topalov, Veselin"]
[Black "Ivanchuk, Vassily"]
[Result "1-0"]
[WhiteElo "2640"]
[BlackElo "2710"]
[Annotator "Ftacnik,L"]
[PlyCount "107"]
[EventDate "1994.02.??"]
[EventType "tourn"]
[EventRounds "13"]
[EventCountry "ESP"]
[EventCategory "18"]
[SourceTitle "CBM 040"]
[Source "ChessBase"]
[SourceDate "1994.06.01"]
[SourceVersion "1"]
[SourceVersionDate "1994.06.01"]
[SourceQuality "1"]

1. e4 c6 2. d4 d5 3. exd5 cxd5 4. Bd3 Nc6 5. c3 Nf6 6. Bg5 (6. Bf4 Bg4 7. Qb3
Na5 8. Qa4+ Bd7 9. Qc2 {Fischer,R-Petrosjan,T/Belgrade URS-World/1970/}) 6...
Bg4 (6... Ne4 $6 7. Bxe4 dxe4 8. d5 Ne5 9. Qa4+ b5 10. Qxe4 f6 $14) 7. Ne2 (7.
Qb3) 7... e6 8. Qc2 Bxe2 (8... Rc8 $5 9. f3 Bh5 10. O-O (10. Bxh7 $6 g6 $1 11.
g4 Rxh7 12. Qb3 Rc7 13. gxh5 Rxh5 $15)) 9. Qxe2 h6 10. Bh4 Qb6 11. Bg3 Be7 12.
O-O O-O 13. b3 Rac8 14. Nd2 a6 (14... Ba3 15. Nf3 Nh5 $13) 15. a4 $1 Qd8 16.
Rac1 Re8 17. Kh1 Bd6 18. f4 Ne7 (18... Qc7 $5 19. Nf3 $140 Bxf4 20. Bxf4 Qxf4
21. Ne5 Qg5 $15) 19. Nf3 Nf5 20. Ne5 Be7 21. Rc2 g6 $6 (21... Nd6 $1 {xe4}) 22.
Be1 h5 23. h3 h4 $6 24. Bxf5 exf5 25. Bxh4 Ne4 26. Be1 (26. Bxe7 $2 Ng3+ 27.
Kh2 Nxf1+ 28. Qxf1 Rxe7 $17) 26... Bh4 27. g4 $1 fxg4 28. hxg4 Kg7 29. f5 Rc7
30. Kg2 Bxe1 31. Qxe1 Qg5 32. Qc1 $1 Qxc1 (32... Qh4 33. f6+ $1 Kg8 (33... Nxf6
34. Rh1 $18) 34. Qf4 $16) 33. Rcxc1 gxf5 34. Rxf5 f6 35. Nd3 Rxc3 36. Rxc3 Nxc3
37. Nf4 Re4 38. Kf3 Kh7 (38... Kf7 $2 39. g5) 39. Rxf6 b5 40. Rxa6 Rxd4 41.
Ra7+ Kg8 (41... Kh6 $2 42. g5+ Kxg5 43. Ne6+ $18) 42. a5 $1 Rb4 43. g5 Rxb3 44.
Ne6 b4 45. Kf4 $1 Ne2+ (45... Ne4 46. g6 $18) 46. Ke5 Re3+ 47. Kf6 Rf3+ 48. Kg6
Nf4+ 49. Nxf4 Rxf4 50. Ra8+ Rf8 51. Rxf8+ Kxf8 52. a6 b3 53. a7 b2 54. a8=Q+
1-0

[Event "Linares 12th"]
[Site "Linares"]
[Date "1994.??.??"]
[Round "13"]
[White "Topalov, Veselin"]
[Black "Gelfand, Boris"]
[Result "1-0"]
[WhiteElo "2640"]
[BlackElo "2685"]
[Annotator "Boensch,U"]
[PlyCount "93"]
[EventDate "1994.02.??"]
[EventType "tourn"]
[EventRounds "13"]
[EventCountry "ESP"]
[EventCategory "18"]
[SourceTitle "CBM 040"]
[Source "ChessBase"]
[SourceDate "1994.06.01"]
[SourceVersion "1"]
[SourceVersionDate "1994.06.01"]
[SourceQuality "1"]

1. e4 c5 2. Nf3 d6 3. d4 cxd4 4. Nxd4 Nf6 5. Nc3 a6 6. Be3 e5 7. Nf3 Be7 (7...
Qc7 8. a4 b6 9. Be2 Be7 10. Qd3 O-O 11. Nd2 Be6 12. O-O Nc6 13. Nf3 Nb4 14. Qd2
d5 $15 {Kalesis,N-Loginov,V Budapest FS FebGM (01) 1994 0-1 -CBM 40}) 8. Bc4
O-O 9. O-O Nc6 10. Re1 (10. Qe2 Na5 11. Bd5 Be6 12. Rfd1 Qc8 13. Bg5 Qc7 14.
Bxf6 $14 {Kalesis,N-Dao Thien Hai Budapest FS FebGM (11) 1994 0-1 37 -CBM 40})
10... Na5 (10... h6 11. a3 Be6 12. Nd5 b5 13. Ba2 Rc8 14. Nd2 Bxd5 15. exd5 Nb8
16. c4 $14 {Short,N-Anand,V Monaco rapid (01) 1993 1-0 41}) 11. Bf1 Be6 12. Nd5
Bxd5 13. exd5 b5 14. b3 Ng4 15. Bd2 Qb6 16. h3 Nxf2 $2 (16... Nf6 17. Be3 $14)
17. Bxa5 (17. Be3 $2 Qxe3 $19) 17... Qxa5 (17... Nxh3+ 18. Kh2 Qxa5 19. gxh3
$16) 18. Kxf2 Qb6+ 19. Kg3 f5 20. Kh2 (20. Nd4 f4+ 21. Kh2 Bh4 22. Ne6 Bxe1 23.
Qxe1 $14) 20... Bf6 21. c3 b4 22. Nd2 bxc3 23. Nc4 Qc5 24. a3 a5 25. Ra2 Rab8
26. Kh1 Rb7 $2 (26... g6 27. g4 $16) 27. Qf3 $1 $18 e4 (27... Rxb3 28. Qxf5
Qxd5 29. Ne3 $18) 28. Qxf5 Re7 29. Qh5 Bd4 30. Qd1 Bf2 (30... a4 $5 31. Be2 (
31. b4 $2 Rxf1+ 32. Rxf1 Qxc4 $17) 31... axb3 32. Qxb3 Qxd5 33. Na5 Qxb3 34.
Nxb3 $16) 31. Ree2 Bg3 32. Re3 Qd4 33. Ra1 Be5 (33... Qxd1 34. Rxd1 c2 35. Rc1
Bf4 (35... Ref7 36. Be2 $18) 36. Rxc2 Bxe3 37. Nxe3 $18) 34. Qc2 Bf4 35. Rxc3
$18 (35. Rd1 $2 Bxe3 36. Rxd4 Rxf1+ 37. Kh2 Bxd4 $19) 35... Ref7 36. Be2 Bg5
37. Rd1 Qf2 38. Bh5 (38. Nxd6 $18) 38... g6 39. Qxf2 Rxf2 40. Bg4 h5 41. Be6+
Kh8 42. h4 Bh6 (42... Bxh4 43. Nxd6 $18) 43. Re1 Rf1+ 44. Rxf1 Rxf1+ 45. Kh2
Re1 46. g3 e3 47. Kg2 {Boensch} (47. Kg2 e2 (47... Re2+ 48. Kf1 Rf2+ 49. Ke1
Rf3 50. Nxd6 $18) 48. Kf2 $18) 1-0